000 01220cam a2200241 a 4500
020 _a0160387264
040 _cDNAL
082 0 0 _a333 WOR 1989 C153 Or.
110 1 _aUnited States.
245 1 4 _aThe Pacific Yew Act of 1991 :
_bjoint hearing before the Subcommittee on Fisheries and Wildlife Conservation and the Environment of the Committee on Merchant Marine and Fisheries and the Subcommittee on Forests, Family Farms, and Energy of the Committee on Agriculture and the Subcommittee on National Parks and Public Lands of the Committee on Interior and Insular Affairs, House of Representatives, One Hundred Second Congress, second session ... March 4, 1992.
300 _avi, 239 pages :
_billustrations ;
_c24 cm.
500 _aDistributed to some depository libraries in microfiche.
500 _aShipping list no.: 92-0428-P.
500 _a"Serial no. 102-71 (Committee on Merchant Marine and Fisheries; Committee on Interior and Insular Affairs)."
500 _a"Serial no. 102-61 (Committee on Agriculture)."
650 0 _aPacific yew
650 0 _aPaclitaxel
650 0 _aForest reserves
650 0 _aForest management
710 1 _aUnited States.
710 1 _aUnited States.
942 _cAEDBB
999 _c18821
_d18821